000 00439nam a2200157 i 4500
001 83958
003 ES-MaACL
005 20230906174924.0
007 t|
008 041118s1929 sp ||||1| spa d
100 1 _aJahn, Alfredo.
_965925
245 1 0 _aAspecto físico y origenes étnicos de Venezuela /
_cAlfredo Jahn.
260 _aSevilla :
_b[s.n.],
_c1929 (
_fM. Carmona)
300 _a24 p. ;
_c22 cm.
852 _aES-MaACL
_j1738-F-21
999 _c83958
_d83958